000 00712nam a2200193 i 4500
001 63769
003 ES-MaACL
005 20250930063057.0
007 t|
008 031216s1935 po ||||1| por d
100 1 _aFigueiredo, Fidelino de,
_d1889-1967
_950746
245 1 0 _aPyrene
_b: ponto de vista para una introducçao a historia comparada das literaturas portuguresa e espanhola /
_cFidelino de Figueiredo.
260 _aLisboa :
_bEmpresa Nacional de Publicidade,
_c1935.
300 _a188 p. ;
_c23 cm.
650 4 _aLiteratura española-
_xHistoria y crítica
_914560
650 0 4 _aLiteratura portuguesa-
_xHistoria y crítica.
_914650
852 _aES-MaACL
_jA-3300
999 _c63769
_d63769